[Event "SVK-ch U12"]
[Site "Tatralandia"]
[Date "2025.05.14"]
[Round "5"]
[White "Kovacik, Oliver1"]
[Black "Janovicek, Lukas"]
[Result "1/2-1/2"]
[WhiteElo "1848"]
[BlackElo "1791"]
[PlyCount "45"]
[EventDate "2025.05.11"]
[EventType "swiss"]
[EventRounds "9"]
[EventCountry "SVK"]
[SourceTitle "CB21_2025"]
[SourceDate "2025.05.21"]
[SourceVersion "1"]
[SourceVersionDate "2025.05.21"]
[SourceQuality "1"]

1. c4 e5 2. Nc3 Bc5 3. g3 Nf6 4. Bg2 c6 5. e3 d5 6. cxd5 cxd5 7. d4 exd4 8. exd4 Bb4 9. Nge2 Be6 10. 0-0 h6 11. Qb3 Nc6 12. Nf4 Bxc3 13. bxc3 Qd7 14. Ba3 Na5 15. Qb4 Nc6 16. Qc5 b6 17. Qb5 Na5 18. Qe2 Nc4 19. Nxd5 Nxd5 20. Qxc4 Rc8 21. Qe2 Rxc3 22. Bxd5 Rxa3 23. Bg2 1/2-1/2

[Event "SVK-ch U12 rapid"]
[Site "Poprad"]
[Date "2025.05.03"]
[Round "4"]
[White "Kopecny, Filip"]
[Black "Janovicek, Lukas"]
[Result "1-0"]
[WhiteElo "1963"]
[BlackElo "1716"]
[PlyCount "43"]
[EventDate "2025.05.03"]
[EventType "swiss (rapid)"]
[EventRounds "7"]
[EventCountry "SVK"]
[SourceTitle "CB19_2025"]
[SourceDate "2025.05.07"]
[SourceVersion "1"]
[SourceVersionDate "2025.05.07"]
[SourceQuality "1"]

1. e4 e6 2. d4 d5 3. exd5 exd5 4. Bd3 Bd6 5. Nf3 Nf6 6. 0-0 0-0 7. Bg5 Bg4 8. Nbd2 Nbd7 9. c3 c6 10. Qc2 Qc7 11. c4 dxc4 12. Bxc4 Bf4 13. Bh4 Rfe8 14. Bg3 Nb6 15. Bb3 Rad8 16. Rae1 Nh5 17. Ng5 g6 18. Nxf7 Kg7 19. Nxd8 Rxd8 20. Qc5 Bd6 21. Bxd6 Rxd6 22. Qe5+ 1-0

[Event "SVK-chT U12 rapid"]
[Site "Poprad"]
[Date "2025.05.02"]
[Round "4.1"]
[White "Janovicek, Lukas"]
[Black "Andre, Tomas"]
[Result "0-1"]
[WhiteElo "1716"]
[BlackElo "1874"]
[PlyCount "74"]
[EventDate "2025.05.02"]
[EventType "team-swiss (rapid)"]
[EventRounds "7"]
[EventCountry "SVK"]
[SourceTitle "CB19_2025"]
[SourceDate "2025.05.07"]
[SourceVersion "1"]
[SourceVersionDate "2025.05.07"]
[SourceQuality "1"]

1. e4 c5 2. Nf3 Nc6 3. c3 Nf6 4. d3 d6 5. h3 g6 6. Be3 Bg7 7. Nbd2 0-0 8. d4 cxd4 9. cxd4 e5 10. d5 Ne7 11. Bd3 Nh5 12. 0-0 f5 13. Nc4 f4 14. Bd2 b5 15. Ba5 Qd7 16. Ncd2 Bb7 17. Ng5 Bf6 18. Ne6 Rfc8 19. Qe2 a6 20. Rac1 Ng7 21. Nxg7 Kxg7 22. Nb3 g5 23. Bb4 Rf8 24. Na5 Rad8 25. Rc2 Ng6 26. Rfc1 Rf7 27. a4 Nh4 28. axb5 f3 29. Qe3 axb5 30. Nxb7 Qxb7 31. Ba5 Rdd7 32. g3 Ng6 33. Qxf3 Bd8 34. Qe2 Bxa5 35. Bxb5 Rc7 36. Bc6 Qa7 37. b3 Rxf2 0-1

[Event "Bratislava exe op 2nd"]
[Site "Bratislava"]
[Date "2024.09.21"]
[Round "8"]
[White "Janovicek, Lukas"]
[Black "Fabrici, Michal"]
[Result "0-1"]
[WhiteElo "1675"]
[BlackElo "1704"]
[PlyCount "118"]
[EventDate "2024.09.14"]
[EventType "swiss"]
[EventRounds "9"]
[EventCountry "SVK"]
[SourceTitle "EXT 2025"]
[Source "ChessBase"]
[SourceDate "2024.10.14"]
[SourceVersion "1"]
[SourceVersionDate "2024.10.14"]
[SourceQuality "1"]

1. e4 c6 2. d4 d5 3. e5 c5 4. c3 Nc6 5. Nf3 cxd4 6. cxd4 Bg4 7. Be3 e6 8. Bb5 Nge7 9. Nc3 Nf5 10. h3 Bxf3 11. Qxf3 Be7 12. g4 Nxe3 13. fxe3 Bh4+ 14. Kd2 0-0 15. Bxc6 bxc6 16. Rag1 f6 17. Rf1 Qb6 18. Qd1 Qxb2+ 19. Qc2 Qxc2+ 20. Kxc2 fxe5 21. Ne2 exd4 22. Nxd4 e5 23. Nf5 Bf6 24. h4 e4 25. Kd2 Rf7 26. g5 Be5 27. Nd4 Bxd4 28. exd4 Raf8 29. Rxf7 Rxf7 30. Ke2 Rb7 31. Rc1 Rb2+ 32. Ke3 Rxa2 33. Rxc6 Ra3+ 34. Ke2 Rd3 35. Rc8+ Kf7 36. Rc7+ Kg6 37. Rxa7 Rxd4 38. h5+ Kxg5 39. Rxg7+ Kxh5 40. Rxh7+ Kg5 41. Rg7+ Kf6 42. Rg8 Ke6 43. Re8+ Kd6 44. Rd8+ Kc5 45. Rc8+ Kb4 46. Ke3 Rc4 47. Rd8 Rc3+ 48. Kd2 Rd3+ 49. Ke2 Kb3 50. Rb8+ Kc2 51. Rc8+ Kb3 52. Rb8+ Kc4 53. Ra8 d4 54. Rc8+ Kb3 55. Rb8+ Kc2 56. Ra8 Rd1 57. Kf2 d3 58. Rd8 Re1 59. Ra8 e3+ 0-1

[Event "Bratislava exe op 2nd"]
[Site "Bratislava"]
[Date "2024.09.18"]
[Round "5"]
[White "Vydra, David"]
[Black "Janovicek, Lukas"]
[Result "1-0"]
[WhiteElo "1553"]
[BlackElo "1675"]
[PlyCount "103"]
[EventDate "2024.09.14"]
[EventType "swiss"]
[EventRounds "9"]
[EventCountry "SVK"]
[SourceTitle "EXT 2025"]
[Source "ChessBase"]
[SourceDate "2024.10.14"]
[SourceVersion "1"]
[SourceVersionDate "2024.10.14"]
[SourceQuality "1"]

1. e4 e6 2. d4 d5 3. Nc3 Nf6 4. Bg5 Bb4 5. e5 h6 6. exf6 hxg5 7. fxg7 Rg8 8. Nf3 Qf6 9. h4 g4 10. Ng5 e5 11. Qe2 Nc6 12. dxe5 Qxe5 13. 0-0-0 Bxc3 14. bxc3 Qxe2 15. Bxe2 f6 16. h5 Rxg7 17. h6 Rg8 18. Rhe1 Kf8 19. Nh7+ Kf7 20. c4 d4 21. c5 Be6 22. Bd3 Rad8 23. a3 Ne5 24. Be4 c6 25. f4 gxf3 26. gxf3 f5 27. f4 Ng4 28. Ng5+ Rxg5 29. fxg5 fxe4 30. Rxe4 Bf5 31. Rf4 Kg6 32. Rdxd4 Re8 33. Rxg4 Bxg4 34. Rxg4 Re5 35. Rh4 Kh7 36. g6+ Kh8 37. g7+ Kh7 38. Rg4 Re8 39. g8Q+ Rxg8 40. Rxg8 Kxg8 41. Kd2 Kh7 42. Kd3 Kxh6 43. Ke4 Kg6 44. Ke5 Kg5 45. Kd6 Kf5 46. Kc7 Ke5 47. a4 Kd5 48. Kxb7 Kxc5 49. a5 Kb5 50. a6 c5 51. Kxa7 Kc4 52. Kb6 1-0

[Event "Bratislava exe op 2nd"]
[Site "Bratislava"]
[Date "2024.09.16"]
[Round "3"]
[White "Bednar, Daniel"]
[Black "Janovicek, Lukas"]
[Result "1/2-1/2"]
[WhiteElo "1794"]
[BlackElo "1675"]
[PlyCount "72"]
[EventDate "2024.09.14"]
[EventType "swiss"]
[EventRounds "9"]
[EventCountry "SVK"]
[SourceTitle "EXT 2025"]
[Source "ChessBase"]
[SourceDate "2024.10.14"]
[SourceVersion "1"]
[SourceVersionDate "2024.10.14"]
[SourceQuality "1"]

1. e4 e6 2. d4 d5 3. Nc3 Nf6 4. e5 Nfd7 5. f4 c5 6. Nf3 Qb6 7. Ne2 Nc6 8. c3 Be7 9. Rb1 0-0 10. Be3 cxd4 11. cxd4 Qa5+ 12. Nc3 Bb4 13. Bd2 Qb6 14. a3 Be7 15. Be3 Qa5 16. Qc2 a6 17. h4 h6 18. Bd3 b5 19. Bd2 Bb7 20. Nxd5 Qd8 21. Nxe7+ Qxe7 22. 0-0 Rac8 23. Qb3 Rfd8 24. Be3 Nb6 25. g3 Nd5 26. Bf2 Na5 27. Qd1 Nc4 28. Bxc4 Rxc4 29. Rc1 Rxc1 30. Qxc1 Rc8 31. Qd2 Qc7 32. Be3 Nxe3 33. Qxe3 Qc2 34. Rf2 Qb1+ 35. Kg2 Rc2 36. b4 Qb2 1/2-1/2

[Event "SVK-ch U12"]
[Site "Tatralandia"]
[Date "2024.04.08"]
[Round "5"]
[White "Janovicek, Lukas"]
[Black "Kovacik, Oliver1"]
[Result "1/2-1/2"]
[WhiteElo "1658"]
[BlackElo "1714"]
[PlyCount "45"]
[EventDate "2024.04.05"]
[EventType "swiss"]
[EventRounds "9"]
[EventCountry "SVK"]
[SourceTitle "CBM 219 Extra"]
[Source "ChessBase"]
[SourceDate "2024.05.31"]
[SourceVersion "1"]
[SourceVersionDate "2024.05.31"]
[SourceQuality "1"]

1. e4 c5 2. Nf3 Nc6 3. d4 cxd4 4. Nxd4 g6 5. Be3 Bg7 6. Nc3 Nf6 7. Bc4 Qa5 8. 0-0 0-0 9. Bb3 d6 10. f3 Bd7 11. Qd2 Rfc8 12. Rad1 Rab8 13. Nce2 Qxd2 14. Rxd2 Ne5 15. Bf2 Nc4 16. Bxc4 Rxc4 17. c3 b6 18. Rfd1 b5 19. Nc2 Rc7 20. Bd4 Be6 21. b3 Bh6 22. Be3 Bxe3+ 23. Nxe3 1/2-1/2

[Event "SVK-ch U12"]
[Site "Tatralandia"]
[Date "2024.04.06"]
[Round "2"]
[White "Matejka, Simon"]
[Black "Janovicek, Lukas"]
[Result "1-0"]
[WhiteElo "1958"]
[BlackElo "1658"]
[PlyCount "49"]
[EventDate "2024.04.05"]
[EventType "swiss"]
[EventRounds "9"]
[EventCountry "SVK"]
[SourceTitle "CBM 219 Extra"]
[Source "ChessBase"]
[SourceDate "2024.05.31"]
[SourceVersion "1"]
[SourceVersionDate "2024.05.31"]
[SourceQuality "1"]

1. e4 e6 2. d4 d5 3. Nd2 Nf6 4. e5 Nfd7 5. Bd3 c5 6. c3 Nc6 7. Ne2 Qb6 8. Nf3 Be7 9. 0-0 0-0 10. Re1 Re8 11. h4 Qd8 12. h5 Bf8 13. Ng5 f5 14. exf6 Nxf6 15. Qc2 g6 16. hxg6 hxg6 17. Bxg6 Re7 18. Nf3 Rg7 19. Bh6 Rd7 20. Bg5 Be7 21. Nf4 Rc7 22. Ne5 Nxe5 23. dxe5 Ne8 24. Bf7+ Kf8 25. Bh6+ 1-0

[Event "SVK-ch U10"]
[Site "Dudince"]
[Date "2023.04.21"]
[Round "7"]
[White "Janovicek, Lukas"]
[Black "Kopecny, Filip"]
[Result "0-1"]
[WhiteElo "1345"]
[BlackElo "1444"]
[PlyCount "138"]
[EventDate "2023.04.16"]
[EventType "swiss"]
[EventRounds "9"]
[EventCountry "SVK"]
[SourceTitle "CBM 213 Extra"]
[Source "ChessBase"]
[SourceDate "2023.05.31"]
[SourceVersion "1"]
[SourceVersionDate "2023.05.31"]
[SourceQuality "1"]

1. e4 c6 2. Nc3 d5 3. Nf3 Bg4 4. h3 Bxf3 5. Qxf3 e6 6. d3 Bc5 7. Qg3 Bf8 8. Bf4 Nd7 9. 0-0-0 Rc8 10. Re1 Qa5 11. Bd6 d4 12. Bxf8 Nxf8 13. Qxg7 dxc3 14. bxc3 Ng6 15. h4 N8e7 16. h5 Rg8 17. Qd4 Nf4 18. g3 Nxh5 19. Be2 Ng7 20. Rxh7 Kf8 21. Reh1 c5 22. Qf6 Qd8 23. Rh8 Ng6 24. Rxg8+ Kxg8 25. Qf3 Qg5+ 26. Kd1 Rc6 27. Ke1 Ra6 28. Kf1 Rxa2 29. Kg2 Rxc2 30. c4 Qd2 31. Bf1 Qg5 32. Be2 Ne5 33. Qf4 Qxf4 34. gxf4 Rxe2 35. fxe5 Rd2 36. Ra1 Rxd3 37. Rxa7 Rc3 38. Rxb7 Rxc4 39. Kf3 Rc2 40. Rc7 c4 41. Ke3 Nh5 42. f3 Rc3+ 43. Kd4 Rxf3 44. Rxc4 Ng3 45. Rc2 Kh7 46. Rh2+ Kg6 47. Rh8 Kg7 48. Rh2 Rf4 49. Rg2 Rxe4+ 50. Kd3 Rg4 51. Ke3 Nf5+ 52. Kf2 Rxg2+ 53. Kxg2 Nd4 54. Kg3 Nc6 55. Kf4 Nxe5 56. Kxe5 Kg6 57. Ke4 Kf6 58. Kf4 e5+ 59. Ke4 Ke6 60. Ke3 f5 61. Kf3 Kd5 62. Ke3 e4 63. Ke2 Kd4 64. Kd2 f4 65. Ke2 f3+ 66. Kd2 e3+ 67. Ke1 Kc3 68. Kd1 e2+ 69. Ke1 Kc2 0-1

[Event "SVK-ch U10"]
[Site "Dudince"]
[Date "2023.04.20"]
[Round "6"]
[White "Rozboril, Alex"]
[Black "Janovicek, Lukas"]
[Result "0-1"]
[WhiteElo "1133"]
[BlackElo "1345"]
[PlyCount "117"]
[EventDate "2023.04.16"]
[EventType "swiss"]
[EventRounds "9"]
[EventCountry "SVK"]
[SourceTitle "CBM 213 Extra"]
[Source "ChessBase"]
[SourceDate "2023.05.31"]
[SourceVersion "1"]
[SourceVersionDate "2023.05.31"]
[SourceQuality "1"]

1. d4 Nf6 2. c4 e6 3. Nf3 d5 4. Nc3 c5 5. Bg5 cxd4 6. Nxd4 Bc5 7. e3 Bxd4 8. Qxd4 Nc6 9. Qd2 dxc4 10. Qxd8+ Kxd8 11. Bxc4 Ke7 12. 0-0-0 Bd7 13. Rd2 Rhd8 14. Rhd1 Be8 15. Bf4 Rxd2 16. Rxd2 Rd8 17. Rxd8 Nxd8 18. h3 h6 19. Nb5 a6 20. Nc3 b5 21. Be2 Bc6 22. g3 g5 23. Bc7 Ne8 24. Ba5 Nb7 25. Bb4+ Ned6 26. e4 f6 27. f4 Kd7 28. Bd3 e5 29. f5 a5 30. Bxd6 Nxd6 31. Nd5 Bxd5 32. exd5 Kc7 33. Kc2 Kb6 34. Kb3 Kc5 35. g4 Kxd5 36. a4 b4 37. Kc2 Kd4 38. Kd2 Nb7 39. Bc2 Nc5 40. b3 Ne4+ 41. Ke2 Nc3+ 42. Kd2 e4 43. Ke1 Ke3 44. Kf1 Kf3 45. Ke1 Kg3 46. Kd2 Kxh3 47. Ke3 Kxg4 48. Bxe4 Nxe4 49. Kxe4 h5 50. Kd5 h4 51. Kc5 h3 52. Kb5 h2 53. Kxa5 h1Q 54. Ka6 Qa8+ 55. Kb5 Kxf5 56. Kxb4 g4 57. a5 g3 58. Kb5 g2 59. a6 0-1

[Event "SVK-ch U10"]
[Site "Dudince"]
[Date "2023.04.17"]
[Round "2"]
[White "Janovicek, Lukas"]
[Black "Murarik, Daniel"]
[Result "1-0"]
[WhiteElo "1345"]
[BlackElo "1000"]
[PlyCount "51"]
[EventDate "2023.04.16"]
[EventType "swiss"]
[EventRounds "9"]
[EventCountry "SVK"]
[SourceTitle "CBM 213 Extra"]
[Source "ChessBase"]
[SourceDate "2023.05.31"]
[SourceVersion "1"]
[SourceVersionDate "2023.05.31"]
[SourceQuality "1"]

1. e4 e5 2. Nf3 Nc6 3. Bc4 Bc5 4. c3 Nf6 5. d4 exd4 6. e5 Ng4 7. cxd4 Bb4+ 8. Nc3 Bxc3+ 9. bxc3 0-0 10. h3 d5 11. Bd3 Ngxe5 12. Nxe5 Re8 13. 0-0 Nxe5 14. dxe5 Rxe5 15. Bf4 Re6 16. Bf5 Rf6 17. Bxc8 Qxc8 18. Be5 Rg6 19. Qxd5 c6 20. Qf3 Qd7 21. Rad1 Qe6 22. Rfe1 Qxa2 23. Rd7 Re8 24. Red1 Rge6 25. Qxf7+ Kh8 26. Bxg7# 1-0

[Event "SVK-ch U10"]
[Site "Dudince"]
[Date "2023.04.17"]
[Round "3"]
[White "Janovicek, Lukas"]
[Black "Zilincan, Tomas"]
[Result "0-1"]
[WhiteElo "1345"]
[BlackElo "1389"]
[PlyCount "114"]
[EventDate "2023.04.16"]
[EventType "swiss"]
[EventRounds "9"]
[EventCountry "SVK"]
[SourceTitle "CBM 213 Extra"]
[Source "ChessBase"]
[SourceDate "2023.05.31"]
[SourceVersion "1"]
[SourceVersionDate "2023.05.31"]
[SourceQuality "1"]

1. e4 e6 2. d4 d5 3. exd5 exd5 4. Nf3 Bd6 5. Bd3 Ne7 6. h3 0-0 7. 0-0 Bf5 8. c3 Re8 9. Bxf5 Nxf5 10. Qb3 b6 11. Bg5 Be7 12. Bxe7 Rxe7 13. Nbd2 Nc6 14. Rfe1 Na5 15. Qc2 Nd6 16. Rxe7 Qxe7 17. Re1 Qd7 18. Ne5 Qe7 19. Nef3 Qf8 20. b3 Re8 21. Kf1 Rxe1+ 22. Nxe1 Qe8 23. Nef3 Qb5+ 24. Kg1 Qe2 25. Qc1 Nc6 26. Qe1 Qd3 27. Qc1 g6 28. Ne1 Qe2 29. Nef3 Nd8 30. Qf1 Qe7 31. Qe1 Ne6 32. Qe5 c6 33. c4 f6 34. Qe2 dxc4 35. bxc4 Qd7 36. Ne4 Kg7 37. Nxd6 Qxd6 38. Qd3 Kg8 39. Kf1 Kf7 40. g3 Nc5 41. Qd2 Ne4 42. Qd3 Qe6 43. Kg2 Nd6 44. Nd2 b5 45. c5 Nf5 46. g4 Qd5+ 47. Nf3 Nh4+ 48. Kg3 Qxf3+ 49. Qxf3 Nxf3 50. Kxf3 Ke6 51. Ke4 a5 52. f4 f5+ 53. Ke3 Kd5 54. Kd3 b4 55. g5 a4 56. h4 a3 57. Ke3 b3 0-1

[Event "SVK-ch U10"]
[Site "Stara Lubovna"]
[Date "2022.05.27"]
[Round "8"]
[White "Muller, Tomas"]
[Black "Janovicek, Lukas"]
[Result "1-0"]
[WhiteElo "1240"]
[BlackElo "1015"]
[PlyCount "69"]
[EventDate "2022.05.21"]
[EventType "swiss"]
[EventRounds "9"]
[EventCountry "SVK"]
[SourceTitle "CBM 208 Extra"]
[Source "ChessBase"]
[SourceDate "2022.07.31"]
[SourceVersion "1"]
[SourceVersionDate "2022.07.31"]
[SourceQuality "1"]

1. d4 Nf6 2. Bf4 d5 3. Nf3 Bf5 4. e3 e6 5. Be2 Bd6 6. Ne5 Nbd7 7. g4 Bg6 8. h4 h6 9. Nxg6 fxg6 10. Bxd6 cxd6 11. Qd3 0-0 12. Qxg6 Qe8 13. Qd3 Ne4 14. f3 Ng3 15. Rg1 Nxe2 16. Qxe2 e5 17. dxe5 dxe5 18. Nd2 Qe7 19. 0-0-0 Qxh4 20. Rh1 Qf6 21. Qb5 Qc6 22. Qb3 Rac8 23. e4 Nb6 24. Kb1 a5 25. exd5 Nxd5 26. Ne4 Kh8 27. Qxd5 Qxc2+ 28. Ka1 Rxf3 29. g5 Rc6 30. gxh6 Rh3 31. hxg7+ Kxg7 32. Qd7+ Kg8 33. Qe8+ Kg7 34. Rhg1+ Kh7 35. Rd7+ 1-0